ਬਾਬਾ ਤੇਗ਼ਾ ਸਿੰਘ / (Record no. 57579)

MARC details
000 -LEADER
fixed length control field 01093nam a22002657a 4500
005 - DATE AND TIME OF LATEST TRANSACTION
control field 2011080406576.0
008 - FIXED-LENGTH DATA ELEMENTS--GENERAL INFORMATION
fixed length control field 090728t xxu||||| |||| 00| 0 pun d
010 ## - LCCN (DPL NO)
LC control number PUN-7101
020 ## - INTERNATIONAL STANDARD BOOK NUMBER
Terms of availability 30.00
035 ## - SYSTEM CONTROL NUMBER
System control number PN-6219
037 ## - SOURCE OF ACQUISITION
Source of stock number/acquisition DBAD / PUB
040 ## - CATALOGING SOURCE
Original cataloging agency dpl
Language of cataloging pn
082 ## - DEWEY DECIMAL CLASSIFICATION NUMBER
Classification number 954.022
100 ## - MAIN ENTRY--PERSONAL NAME
9 (RLIN) 24414
Personal name ਤਾਰਾ ਸਿੰਘ
245 ## - TITLE STATEMENT
Title ਬਾਬਾ ਤੇਗ਼ਾ ਸਿੰਘ /
Remainder of title ਤਾਰਾ ਸਿੰਘ
246 ## - VARYING FORM OF TITLE
Title proper/short title Baba Tegga Singh
Remainder of title by Tara Singh
260 ## - PUBLICATION, DISTRIBUTION, ETC. (IMPRINT)
Place of publication, distribution, etc ਅੰਮ੍ਰਿਤਸਰ
Name of publisher, distributor, etc ਧਰਮ ਪ੍ਰਚਾਰ ਕਮੇਟੀ (ਸ਼੍ਰੋਮਣੀ ਗੁਰਦੁਆਰਾ ਪ੍ਰਬੰਧਕ ਕਮੇਟੀ)
Date of publication, distribution, etc 2009
270 ## - ADDRESS
Address S.G.P.C.
City Amritsar
Postal code 143002
300 4# - PHYSICAL DESCRIPTION
Extent 136p.
Dimensions 22ਸੇਂਮੀ (ਸਜਿਲੱਦ)
600 ## - SUBJECT ADDED ENTRY--PERSONAL NAME
9 (RLIN) 31401
650 ## - SUBJECT ADDED ENTRY--TOPICAL TERM
9 (RLIN) 35484
700 ## - ADDED ENTRY--PERSONAL NAME
9 (RLIN) 35472
942 ## - ADDED ENTRY ELEMENTS (KOHA)
Source of classification or shelving scheme Dewey Decimal Classification
Item type Punjabi Bks
Classification part 954.022
Call number suffix ਤਾਰਾਸਿੰ
Holdings
Withdrawn status Lost status Source of classification or shelving scheme Damaged status Not for loan Collection code Home library Current library Date acquired Source of acquisition Cost, normal purchase price Total Checkouts Full call number Barcode Date last seen Copy number Cost, replacement price Koha item type
    Dewey Decimal Classification     Non-fiction D.B.Act.Division D.B.Act.Division 12/10/2011 DBAD/PUB 30.00   954.022 ਤਾਰਾਸਿੰ PN-6219 12/10/2011 1 30.00 Punjabi Bks

© Delhi Public Library
Hit Counter
free hit counter